Statistics for Which Author Created That Character?

Click here to take the quiz!

General Stats

  • This quiz has been taken 602 times
  • The average score is 4 of 12

Answer Stats

HintAnswer% Correct
Atticus FinchHarper Lee
80%
Winston SmithGeorge Orwell
61%
Philip PirripCharles Dickens
60%
Anne ElliotJane Austen
44%
Ashley WilkesMargaret Mitchell
41%
QueequegHerman Melville
37%
Maj. MajorJoseph Heller
32%
Gilbert BlytheL.M. Montgomery
26%
Fern ArableE.B. White
18%
Katherina MinolaWilliam Shakespeare
16%
MontresorEdgar Allan Poe
7%
Thomas SutpenWilliam Faulkner
6%

Score Distribution

Percentile by Number Answered

Percent of People with Each Score

Your Score History

You have not taken this quiz